000 00731nam a2200241 i 4500
001 58626
003 ES-MaACL
005 20260424183902.0
007 t|
008 031023s1986 sp ||||1| spa d
020 _a84-86311-23-3
080 _a821.111-31"19"
100 1 _aDurrell, Lawrence,
_d1912-1990
_946321
245 1 0 _aLivia o enterrado en vida
_b: el quinteto de Avignon /
_cLawrence Durrell ; traducción de Pere Rubiralta.
250 _a1ª ed.
260 _aBarcelona :
_bVersal,
_c1986.
300 _a290 p. ;
_c22 cm.
490 1 _aBiblioteca del corondel
700 1 _aRubiralta, Pere.
_9100460
830 0 _aBiblioteca del corondel
_9178070
852 _aES-MaACL
_jL-10049
_bR.111665
999 _c58626
_d58626